| 000 | 00795nam a2200217Ia 4500 | ||
|---|---|---|---|
| 001 | 3462 | ||
| 003 | GE_BSU | ||
| 008 | 181216s||||||||xx |||||||||||||| ||und|| | ||
| 040 | _cGE_BSU | ||
| 080 | _a621.7(035.3) | ||
| 100 | _aБобров,В.П. Богуславский,Б.Л. Гиндин,Д.Е. и др. | ||
| 245 | _aСправочник металлиста в 5 томах.Том 5. | ||
| 245 | _cРед. сов. Б.Л.Богуславский, А.Н.Малов, М.П.Новиков и др. Под ред. Б.Л.Богуславский. | ||
| 250 | _aИзд. третье, перераб. | ||
| 260 | _aМ. | ||
| 260 | _bМашиностроение. | ||
| 260 | _c1978. | ||
| 300 | _a673 стр. с илл. | ||
| 653 | _aСправочник металлиста. | ||
| 942 | _cBK | ||
| 999 |
_c37500 _d37500 |
||